Statistiques concernant Les 20 villes les plus peuplées de Corse

Cliquez ici pour prendre le quiz!

Statistiques générales

  • Ce quiz a été pris 409 fois
  • Le résultat moyen est 11 sur 20

Statistiques - réponses

PopulationVille% Correct
68 587Ajaccio
100%
43 331Bastia
100%
5 330Calvi
91%
7 355Corte
91%
11 625Porto-Vecchio
91%
2 973Bonifacio
87%
3 363Sartène
69%
3 759Propriano
64%
5 782Furiani
60%
8 245Borgo
58%
3 347L'Île-Rousse
49%
7 883Biguglia
43%
4 049Ghisonaccia
43%
5 136Lucciana
32%
3 796Bastelicaccia
27%
3 023Afa
21%
3 141Alata
16%
3 328Penta-di-Casinca
4%
2 915San-Martino-di-Lota
4%
3 514Prunelli-di-Fiumorbo
3%

Distribution des résultats

Percentile par nombre de réponses

% des personnes avec chaque résultat

Votre développement - résultats

Vous n’avez pas pris ce quiz